Littérature - L'humain et ses limites (4) - Statistiques

Statistiques générales
  • Ce quiz a été pris 6 fois
  • Le résultat moyen est 2 sur 8
Statistiques - réponses
Hint Réponse % Correct
Quelle oeuvre de Marguerite Duras évoque la catastrophe d'Hiroshima ? Hiroshima mon amour
80%
Quelle est l'année de sa sortie ? 1976
60%
Qui est le réalisateur du film Apocalypse Now ? Coppola
60%
Quelle est sa date de sortie ? 2016
20%
Qui est la théoricienne de l'infinitude de l'action ? Hannah Arendt
20%
En quelle année Giono écrit-t-il L'homme qui plantait des arbres ? 1953
0%
Qui est le réalisateur du film d'animation La Tortue Rouge ? Dukok de Wit
0%
Quel est le nom de cet homme ? Elzéard Bouffier
0%
Aucun quiz correspondant
Distribution des résultats
% des personnes avec chaque résultat
Percentile par nombre de réponses
Votre historique - résultats
Vous n’avez pas pris ce quiz